Schottland-Quiz - Statistiken

Allgemein
  • Dieses Quiz wurde 107 mal gespielt
    104 seit der letzten Aktualisierung
  • Das Durchschnittsergebnis liegt bei 14 aus 23
Antwortstatistiken
Frage Antwort % Korrekt
Schottland ist ein Landesteil von diesem unabhängigen Land Vereinigtes Königreich
100%
Hauptstadt Schottlands Edinburgh
98%
Ozean, an welchen Schottland grenzt Atlantik
95%
Schottischer See, der bekannt für ein darin lebendes Monster ist Loch Ness
95%
Währung von Schottland Britisches Pfund
94%
Traditionelles Blasinstrument, das oft mit Schottland in Verbindung gebracht wird Dudelsack
94%
Größte Stadt in Schottland (nach Einwohnern) Glasgow
89%
Staatenbündnis, aus dem Schottland 2020 austrat (gemeinsam mit #1) Europäische Union
85%
Meer, an welches Schottland grenzt Nordsee
83%
Alkoholisches Nationalgetränk Whisky
70%
Neben Englisch ist diese keltische Sprache eine weitere Amtssprache Gälisch
65%
Schottlands Nationalgericht, hergestellt aus den Innereien eines Schafs Haggis
65%
Diese See trennt #1 von Irland Irische See
62%
Schottland ist das ... Land von #1 (Adjektiv mit "N") Nördlichste
62%
Aus Schottland stammender Wettkampf, der Musik und Kultur mit Sport verbindet Highland Games
55%
Hafenstadt im Nordosten, die für ihre Ölindustrie bekannt ist Aberdeen
48%
Nationaltier von Schottland Einhorn🦄
48%
Höchster Berg in Schottland Ben Nevis
45%
Nationalheiliger, dessen Attribut das auf der Flagge abgebildete Kreuz ist Heiliger Andreas
38%
Anzahl an Regionen, in die Schottland unterteilt ist 32
30%
Region, die für die Herstellung von #19 bekannt ist Islay
9%
Bezeichnung für die Einwohner des ursprünglichen Austragungsgebiets von #9 Clans
8%
Schottischer Theologe, der als Gründer der Schottischen Reformation gilt John Knox
2%
Keine übereinstimmenden Quizze gefunden
Verteilung der Resultate
Anzahl Personen mit jedem Resultat
Perzentil nach korrekt beantworteten Fragen
Ihre Resultats-Entwicklung
Sie haben dieses Quiz seit der letzten Aktualisierung nicht gespielt